[Event "Nova Gorica op 23rd"]
[Site "Nova Gorica"]
[Date "2018.01.31"]
[Round "8"]
[White "Brecelj, Jaro Ivan"]
[Black "Herega, Nejc"]
[Result "1-0"]
[WhiteElo "1583"]
[BlackElo "1620"]
[PlyCount "67"]
[EventDate "2018.01.26"]
[EventType "swiss"]
[EventRounds "9"]
[EventCountry "SLO"]
[SourceTitle "CBM 182 Extra"]
[Source "ChessBase"]
[SourceDate "2018.02.23"]
[SourceVersion "1"]
[SourceVersionDate "2018.02.23"]
[SourceQuality "1"]

1. e4 c5 2. Nf3 d6 3. d4 cxd4 4. Nxd4 Nf6 5. Nc3 g6 6. Be2 Bg7 7. 0-0 0-0 8. Re1 Nc6 9. Nb3 a5 10. a3 Be6 11. Bf1 Nd7 12. Nd5 a4 13. Nd2 Nde5 14. Nc4 Nxc4 15. Bxc4 Rb8 16. Qe2 b5 17. Bd3 Nd4 18. Qd1 f5 19. Be3 fxe4 20. Bxe4 Nf5 21. Bg5 Bxd5 22. Bxd5+ Kh8 23. g4 h6 24. gxf5 hxg5 25. fxg6 Bh6 26. Qh5 Kg7 27. Re6 Rc8 28. Rae1 Rc7 29. R1e3 Rh8 30. Rf3 Rf8 31. Rf7+ Rxf7 32. gxf7 Rxc2 33. Qg6+ Kf8 34. Qg8# 1-0

[Event "Nova Gorica op 23rd"]
[Site "Nova Gorica"]
[Date "2018.01.30"]
[Round "7"]
[White "Papler, Peter"]
[Black "Brecelj, Jaro Ivan"]
[Result "1-0"]
[WhiteElo "1657"]
[BlackElo "1583"]
[PlyCount "87"]
[EventDate "2018.01.26"]
[EventType "swiss"]
[EventRounds "9"]
[EventCountry "SLO"]
[SourceTitle "CBM 182 Extra"]
[Source "ChessBase"]
[SourceDate "2018.02.23"]
[SourceVersion "1"]
[SourceVersionDate "2018.02.23"]
[SourceQuality "1"]

1. d4 Nf6 2. Nf3 g6 3. e3 Bg7 4. c3 0-0 5. Bd3 d5 6. 0-0 c5 7. Re1 b6 8. Nbd2 Bb7 9. Ne5 Nbd7 10. f4 Ne4 11. Nxe4 dxe4 12. Bc4 Nxe5 13. fxe5 Bd5 14. Be2 f6 15. c4 Bb7 16. e6 f5 17. d5 b5 18. Rb1 bxc4 19. Bxc4 Qd6 20. Qb3 Rfb8 21. Rd1 Ba6 22. Qc2 Bxc4 23. Qxc4 Rb4 24. Qe2 Rab8 25. b3 Qc7 26. Ba3 R4b5 27. Qd2 c4 28. d6 exd6 29. Bxd6 Qd8 30. Bxb8 Qxd2 31. Rxd2 Rxb8 32. Rbd1 Bf6 33. bxc4 Re8 34. Rd6 Rb8 35. R1d2 Bg5 36. Kf2 Kf8 37. g3 Ke8 38. Rd7 a6 39. Rxh7 Rb6 40. c5 Rxe6 41. Rd6 Re5 42. Rxg6 Be7 43. c6 Rc5 44. Re6 1-0

[Event "Nova Gorica op 23rd"]
[Site "Nova Gorica"]
[Date "2018.01.27"]
[Round "2"]
[White "Brecelj, Jaro Ivan"]
[Black "Skrbec, Leon"]
[Result "0-1"]
[WhiteElo "1583"]
[BlackElo "1682"]
[PlyCount "58"]
[EventDate "2018.01.26"]
[EventType "swiss"]
[EventRounds "9"]
[EventCountry "SLO"]
[SourceTitle "CBM 182 Extra"]
[Source "ChessBase"]
[SourceDate "2018.02.23"]
[SourceVersion "1"]
[SourceVersionDate "2018.02.23"]
[SourceQuality "1"]

1. e4 c6 2. d4 d5 3. exd5 cxd5 4. Nf3 Nc6 5. c3 Nf6 6. Bd3 g6 7. 0-0 Bg7 8. Bg5 0-0 9. Qd2 Ne4 10. Qc1 Bf5 11. Bh6 Rc8 12. Bxg7 Kxg7 13. Nbd2 Nb4 14. Bxe4 dxe4 15. Nh4 e6 16. Nxf5+ exf5 17. f3 e3 18. Nb3 e2 19. Re1 Nd3 20. Qd2 Nxe1 21. Rxe1 Re8 22. Rxe2 Qd5 23. Kf2 b6 24. Rxe8 Rxe8 25. Qf4 a5 26. Qc7 Qe6 27. Kg3 Qe1+ 28. Kh3 g5 29. g3 Qf1# 0-1

[Event "Nova Gorica op 23rd"]
[Site "Nova Gorica"]
[Date "2018.01.26"]
[Round "1"]
[White "Bajt, Hana"]
[Black "Brecelj, Jaro Ivan"]
[Result "1-0"]
[WhiteElo "1756"]
[BlackElo "1583"]
[PlyCount "47"]
[EventDate "2018.01.26"]
[EventType "swiss"]
[EventRounds "9"]
[EventCountry "SLO"]
[SourceTitle "CBM 182 Extra"]
[Source "ChessBase"]
[SourceDate "2018.02.23"]
[SourceVersion "1"]
[SourceVersionDate "2018.02.23"]
[SourceQuality "1"]

1. e4 c5 2. c3 d6 3. d4 cxd4 4. cxd4 Nf6 5. Nc3 g6 6. Nf3 Bg7 7. Be2 0-0 8. 0-0 Nc6 9. h3 a6 10. Be3 b5 11. a3 Bb7 12. Qd3 Rc8 13. Rac1 Qd7 14. Rc2 Na5 15. Nd2 Nc4 16. Nxc4 bxc4 17. Qd1 Nxe4 18. Nxe4 Bxe4 19. Rxc4 Rxc4 20. Bxc4 Qc6 21. Qe2 Bxg2 22. Rc1 Bxh3 23. Bxf7+ Rxf7 24. Rxc6 1-0

[Event "Trieste Excelsior Palace op 2nd"]
[Site "Trieste"]
[Date "2018.01.06"]
[Round "7"]
[White "Brecelj, Jaro Ivan"]
[Black "Piunti, Mauro"]
[Result "0-1"]
[WhiteElo "1583"]
[BlackElo "1754"]
[PlyCount "120"]
[EventDate "2018.01.02"]
[EventType "swiss"]
[EventRounds "7"]
[EventCountry "ITA"]
[SourceTitle "CBM 182 Extra"]
[Source "ChessBase"]
[SourceDate "2018.02.23"]
[SourceVersion "1"]
[SourceVersionDate "2018.02.23"]
[SourceQuality "1"]

1. e4 d6 2. d4 Nf6 3. Nc3 Nbd7 4. Nf3 e5 5. dxe5 dxe5 6. Bd3 c6 7. 0-0 Qc7 8. Bg5 Be7 9. Re1 Nc5 10. Bc4 b5 11. Bxf6 Bxf6 12. Bd3 0-0 13. b4 Ne6 14. Ne2 Rd8 15. Qb1 a5 16. a3 Be7 17. Qb2 Bd6 18. Red1 axb4 19. axb4 Bb7 20. Rxa8 Rxa8 21. Ng3 g6 22. c3 Nf4 23. Qd2 Rd8 24. Bf1 Qe7 25. c4 bxc4 26. Bxc4 Bc7 27. Qc2 Kg7 28. Rxd8 Bxd8 29. Qd2 Bc7 30. h3 f6 31. Nh4 Qd8 32. Qc2 Bb6 33. b5 Qc7 34. Qb1 Bd4 35. bxc6 Bxc6 36. Qc2 Qb6 37. Ba2 Bc5 38. Nh1 Qb4 39. Nf3 Bb5 40. Ng3 h5 41. h4 Nd3 42. Nh1 Nf4 43. Ng3 Bd3 44. Qd1 Qb6 45. Qd2 Bb4 46. Qb2 Qd6 47. Qb3 Qf8 48. Nd2 Bxd2 49. Kh2 Bb4 50. Nh1 Bxe4 51. f3 Bd5 52. Qc2 Bxa2 53. Qxa2 Qe7 54. Nf2 Be1 55. Ne4 Bb4 56. Qa6 Ne6 57. g4 hxg4 58. fxg4 f5 59. gxf5 Qxh4+ 60. Kg1 Qg4+ 0-1

[Event "Trieste Excelsior Palace op 2nd"]
[Site "Trieste"]
[Date "2018.01.03"]
[Round "2"]
[White "Brecelj, Jaro Ivan"]
[Black "Sepehrkhoui, Ardeshir"]
[Result "0-1"]
[WhiteElo "1583"]
[BlackElo "2178"]
[PlyCount "63"]
[EventDate "2018.01.02"]
[EventType "swiss"]
[EventRounds "7"]
[EventCountry "ITA"]
[SourceTitle "CBM 182 Extra"]
[Source "ChessBase"]
[SourceDate "2018.02.23"]
[SourceVersion "1"]
[SourceVersionDate "2018.02.23"]
[SourceQuality "1"]

1. e4 c5 2. Nf3 Nc6 3. d4 cxd4 4. Nxd4 Nf6 5. Nc3 e5 6. Nb3 Bb4 7. f3 d5 8. exd5 Nxd5 9. Bd2 Nxc3 10. Bxc3 Bxc3+ 11. bxc3 Qh4+ 12. g3 Qf6 13. Bd3 0-0 14. 0-0 Ne7 15. Re1 Ng6 16. Qe2 Bf5 17. Bxf5 Qxf5 18. Qe4 Qc8 19. Qb4 b6 20. Nd2 Kh8 21. Nc4 Qf5 22. Re3 Rad8 23. Rc1 f6 24. Qa4 Rf7 25. Qa3 Rfd7 26. Kf2 h6 27. Ree1 Qh3 28. Rh1 Qf5 29. Rhe1 Qh5 30. Rh1 b5 31. Na5 Rd2+ 32. Ke3 0-1

[Event "Nova Gorica op 22nd"]
[Site "Nova Gorica"]
[Date "2017.01.28"]
[Round "3"]
[White "Brecelj, Jaro Ivan"]
[Black "Zlatanovic, Srdjan"]
[Result "0-1"]
[WhiteElo "1392"]
[BlackElo "1557"]
[PlyCount "112"]
[EventDate "2017.01.27"]
[EventType "swiss"]
[EventRounds "9"]
[EventCountry "SLO"]
[SourceTitle "CBM 176 Extra"]
[Source "ChessBase"]
[SourceDate "2017.03.02"]
[SourceVersion "1"]
[SourceVersionDate "2017.03.02"]
[SourceQuality "1"]

1. e4 c5 2. Nf3 a6 3. d4 cxd4 4. Nxd4 Nf6 5. Nc3 e5 6. Nf3 Bb4 7. Bg5 Bxc3+ 8. bxc3 h6 9. Bh4 Qc7 10. Qd3 Nxe4 11. c4 Qa5+ 12. Nd2 Qxd2+ 13. Qxd2 Nxd2 14. Kxd2 f5 15. f3 Nc6 16. Bd3 d6 17. Rhe1 0-0 18. Rab1 Rf7 19. Bf2 e4 20. Be2 Be6 21. fxe4 fxe4 22. Bg3 d5 23. c5 Nd4 24. Bh5 Rd7 25. Rb6 Rc8 26. c3 Nc6 27. Reb1 Nd8 28. Bd6 g6 29. Be2 Rf7 30. Ke3 Rc6 31. R6b2 Rd7 32. Kd4 b5 33. Rf1 Nf7 34. Rf6 Nxd6 35. Rxe6 Nf5+ 36. Ke5 Re7 37. Rxe7 Nxe7 38. Kd4 h5 39. Bd1 Rf6 40. Bb3 Rf5 41. Re2 Nc6+ 42. Ke3 Kg7 43. Rf2 Re5 44. Rf1 a5 45. Rd1 Ne7 46. a4 b4 47. cxb4 axb4 48. Rd4 Nf5+ 49. Kf4 Nxd4 50. Kxe5 Nxb3 51. c6 e3 52. c7 e2 53. c8Q e1Q+ 54. Kxd5 Qd2+ 55. Ke5 Qd4+ 56. Ke6 Qg4+ 0-1